[Event "GER-ch Net blitz qual4"]
[Site "Playchess.com INT"]
[Date "2020.03.23"]
[Round "3"]
[White "Hoke, Adrian Neo"]
[Black "Kutzner, Stephen"]
[Result "0-1"]
[WhiteElo "1575"]
[BlackElo "2161"]
[PlyCount "78"]
[EventDate "2020.03.23"]
[EventType "swiss (blitz)"]
[EventRounds "9"]
[EventCountry "GER"]
[SourceTitle "CBM 195 Extra"]
[Source "ChessBase"]
[SourceDate "2020.05.31"]
[SourceVersion "1"]
[SourceVersionDate "2020.05.31"]
[SourceQuality "1"]

1. e4 c5 2. Nf3 Nc6 3. d4 cxd4 4. Nxd4 Nf6 5. Nc3 e5 6. Ndb5 d6 7. Bg5 a6 8. Na3 b5 9. Nd5 Be7 10. Bxf6 Bxf6 11. c3 Bg5 12. Nc2 Rb8 13. Be2 0-0 14. 0-0 Kh8 15. Ncb4 Nxb4 16. Nxb4 Bb7 17. Bf3 f5 18. exf5 Rxf5 19. Bxb7 Rxb7 20. Qd5 Rbf7 21. Rad1 R7f6 22. Nxa6 Qb6 23. Nb4 Rxf2 24. Qa8+ Rf8 25. Qxf8+ Rxf8+ 26. Kh1 Rd8 27. Nd5 Qb7 28. h3 h6 29. b4 Kh7 30. a3 Qb8 31. Rf7 Rf8 32. Rdf1 Rxf7 33. Rxf7 Qe8 34. Rf1 Qe6 35. Nc7 Qc4 36. Rf2 Qxc7 37. Re2 Qxc3 38. Rf2 Qxa3 39. Kh2 Qxb4 0-1

[Event "GER-ch Net blitz qual2"]
[Site "Playchess.com INT"]
[Date "2020.03.16"]
[Round "7"]
[White "Hansch, Karsten"]
[Black "Kutzner, Stephen"]
[Result "1/2-1/2"]
[WhiteElo "2300"]
[BlackElo "2161"]
[PlyCount "233"]
[EventDate "2020.03.16"]
[EventType "swiss (blitz)"]
[EventRounds "9"]
[EventCountry "GER"]
[SourceTitle "CBM 195 Extra"]
[Source "ChessBase"]
[SourceDate "2020.05.31"]
[SourceVersion "1"]
[SourceVersionDate "2020.05.31"]
[SourceQuality "1"]

1. e4 c5 2. Nc3 Nc6 3. Nf3 e5 4. Bc4 Be7 5. d3 Nf6 6. Nd2 a6 7. a4 d6 8. Nf1 Bg4 9. f3 Be6 10. Ne3 Nd4 11. 0-0 0-0 12. Ncd5 Kh8 13. c3 Nc6 14. Qe1 Na5 15. Ba2 b5 16. f4 exf4 17. Rxf4 Nh5 18. Rf1 Rc8 19. Nxe7 Qxe7 20. Bxe6 fxe6 21. axb5 Nb3 22. Rxa6 Qg5 23. Rc6 Nf4 24. Rxc8 Rxc8 25. Ng4 Nxc1 26. h3 Nce2+ 27. Kh2 Rb8 28. g3 Nxg3 29. Qxg3 Ng6 30. c4 e5 31. Rf5 Qd2+ 32. Qf2 Qxd3 33. h4 Qxe4 34. h5 Qxg4 35. hxg6 hxg6 36. Rf8+ Rxf8 37. Qxf8+ Kh7 38. Qf2 Qxc4 39. b6 Qb5 40. Qh4+ Kg8 41. Qd8+ Kh7 42. Qh4+ Kg8 43. Qd8+ Kh7 44. Qxd6 Qxb2+ 45. Kg3 Qc3+ 46. Kf2 Qb2+ 47. Ke3 c4 48. Qc7 Qd4+ 49. Ke2 c3 50. b7 Qd2+ 51. Kf3 c2 52. b8Q Qf4+ 53. Kg2 c1Q 54. Qxc1 Qxc1 55. Qxe5 Qh6 56. Qd6 Qg5+ 57. Kh3 Qh5+ 58. Kg3 Qf5 59. Qd8 Qe5+ 60. Kg4 Qe6+ 61. Kg3 Qb3+ 62. Kg4 Qb4+ 63. Kg3 Qc3+ 64. Kg4 Qf6 65. Qb8 Qf5+ 66. Kg3 g5 67. Qe8 Qf4+ 68. Kg2 Qg4+ 69. Kh2 Qh4+ 70. Kg2 g4 71. Qe4+ Kh6 72. Qe6+ Qf6 73. Qe3+ Qg5 74. Qe6+ Qg6 75. Qe3+ Kh5 76. Qe5+ Qg5 77. Qe8+ Kh6 78. Qe6+ Qg6 79. Qe3+ Kh7 80. Qe5 Qf6 81. Qh5+ Qh6 82. Qe5 Qh3+ 83. Kg1 g3 84. Qe4+ Kh6 85. Qf4+ g5 86. Qf6+ Kh5 87. Qh8+ Kg4 88. Qc8+ Kh4 89. Qh8+ Kg4 90. Qd4+ Kf3 91. Qd3+ Kf4 92. Qd4+ Kf3 93. Qd5+ Ke3 94. Qxg5+ Ke2 95. Qe5+ Kf3 96. Qd5+ Ke3 97. Qc5+ Ke2 98. Qc4+ Ke1 99. Qc1+ Ke2 100. Qc2+ Kf3 101. Qd3+ Kf4 102. Qd2+ Ke5 103. Qc3+ Ke4 104. Qe1+ Kf3 105. Qd1+ Kf4 106. Qd2+ Ke4 107. Qc2+ Kd4 108. Qb2+ Kc4 109. Qc2+ Kb4 110. Qe4+ Kc3 111. Qe5+ Kd3 112. Qd5+ Ke2 113. Qe4+ Kd2 114. Qd4+ Ke2 115. Qc4+ Ke3 116. Qc3+ Kf4 117. Qd2+ 1/2-1/2

[Event "GER-ch Net blitz qual2"]
[Site "Playchess.com INT"]
[Date "2020.03.16"]
[Round "2"]
[White "Scholz, Peter"]
[Black "Kutzner, Stephen"]
[Result "1-0"]
[WhiteElo "2206"]
[BlackElo "2161"]
[PlyCount "79"]
[EventDate "2020.03.16"]
[EventType "swiss (blitz)"]
[EventRounds "9"]
[EventCountry "GER"]
[SourceTitle "CBM 195 Extra"]
[Source "ChessBase"]
[SourceDate "2020.05.31"]
[SourceVersion "1"]
[SourceVersionDate "2020.05.31"]
[SourceQuality "1"]

1. d4 Nf6 2. c4 g6 3. Nc3 d5 4. e3 Bg7 5. Nf3 0-0 6. Bd3 dxc4 7. Bxc4 Nbd7 8. 0-0 Nb6 9. Bb3 Bg4 10. h3 Bf5 11. Bc2 Nfd5 12. Bxf5 gxf5 13. Bd2 Kh8 14. Rc1 c6 15. a3 Rg8 16. Nh4 e6 17. Nf3 Qd6 18. Na4 Nxa4 19. Qxa4 f4 20. Qc2 Bh6 21. e4 Ne3 22. fxe3 fxe3 23. Bb4 Qg3 24. Be1 Qxh3 25. Bh4 Qg4 26. Bf6+ Bg7 27. Ne5 Qh5 28. Qe2 Qg6 29. Bxg7+ Rxg7 30. Nxg6+ Rxg6 31. Qxe3 Rag8 32. Rc2 Rg3 33. Qf2 R3g7 34. Qf6 h6 35. Qxh6+ Rh7 36. Qf6+ Rgg7 37. Rf3 Rh5 38. Rcf2 Kg8 39. Rh3 Rhg5 40. Qd8# 1-0

[Event "Staufer op 32nd"]
[Site "Schwaebisch Gmuend"]
[Date "2020.01.02"]
[Round "2"]
[White "Siddharth, Jagadeesh"]
[Black "Kutzner, Stephen"]
[Result "1-0"]
[WhiteElo "2301"]
[BlackElo "2141"]
[PlyCount "73"]
[EventDate "2020.01.02"]
[EventType "swiss"]
[EventRounds "9"]
[EventCountry "GER"]
[SourceTitle "CBM 194 Extra"]
[Source "ChessBase"]
[SourceDate "2020.03.31"]
[SourceVersion "1"]
[SourceVersionDate "2020.03.31"]
[SourceQuality "1"]

1. d4 Nf6 2. c4 g6 3. Nc3 d5 4. cxd5 Nxd5 5. e4 Nxc3 6. bxc3 Bg7 7. Qa4+ Nd7 8. Nf3 0-0 9. Be2 e5 10. d5 Nc5 11. Qc2 f5 12. Ba3 b6 13. Bxc5 bxc5 14. 0-0 fxe4 15. Qxe4 Rf4 16. Qe3 Qd6 17. Nd2 Bh6 18. g3 Rh4 19. f4 Rh3 20. Nc4 Bxf4 21. Qe4 Qd8 22. gxf4 Bf5 23. Qxe5 Qf8 24. Qxc7 Re8 25. Ne5 Be4 26. d6 Rxh2 27. Bc4+ Kh8 28. Nf7+ Qxf7 29. Kxh2 Qxc4 30. Rf2 Qd5 31. d7 Rf8 32. Qc8 Kg8 33. Re1 Qh5+ 34. Kg3 g5 35. Qxf8+ Kxf8 36. d8Q+ Kf7 37. fxg5+ 1-0

[Event "NRW Class2 1819"]
[Site "Germany"]
[Date "2018.09.16"]
[Round "1.5"]
[White "Kutzner, Stephen"]
[Black "Hoeren, Andreas"]
[Result "1-0"]
[WhiteElo "2172"]
[BlackElo "2126"]
[PlyCount "125"]
[EventDate "2018.09.16"]
[EventType "team-tourn"]
[EventRounds "9"]
[EventCountry "GER"]
[SourceTitle "EXT 2022"]
[Source "ChessBase"]
[SourceDate "2021.10.06"]
[SourceVersion "1"]
[SourceVersionDate "2021.10.06"]
[SourceQuality "1"]
[WhiteTeam "Godesberg"]
[BlackTeam "Koeln Lasker"]
[WhiteTeamCountry "GER"]
[BlackTeamCountry "GER"]

1. e4 d6 2. d4 Nf6 3. Nc3 Nbd7 4. f4 e5 5. Nf3 exd4 6. Qxd4 c6 7. Be3 d5 8. e5 Bc5 9. Qd2 Ne4 10. Nxe4 dxe4 11. Bxc5 Nxc5 12. Qxd8+ Kxd8 13. 0-0-0+ Ke7 14. Nd2 Be6 15. Re1 Rhd8 16. Nxe4 Nxe4 17. Rxe4 Bf5 18. Rb4 b5 19. Be2 a5 20. Rb3 Rd4 21. g3 b4 22. Re3 Rad8 23. Rd1 g6 24. Rxd4 Rxd4 25. Bd3 Ke6 26. Kd2 h5 27. Ke2 Bg4+ 28. Kf2 c5 29. Re4 Rd8 30. Rc4 Rc8 31. c3 Ke7 32. cxb4 axb4 33. Rc2 Be6 34. Bc4 Ra8 35. Bxe6 Kxe6 36. b3 Rd8 37. Ke3 Ra8 38. Ke4 Ra5 39. Rd2 Ra6 40. Rc2 Rc6 41. h3 Rc8 42. g4 hxg4 43. hxg4 f5+ 44. gxf5+ gxf5+ 45. Ke3 Rc6 46. Rd2 c4 47. bxc4 Rxc4 48. Rd6+ Ke7 49. Rf6 Rc2 50. Kd3 Rxa2 51. Rxf5 Ke6 52. Rf6+ Kd5 53. Rd6+ Kc5 54. Rd8 Ra3+ 55. Ke4 b3 56. Rc8+ Kb5 57. Kd5 Ra6 58. Rc1 Ra2 59. f5 Rf2 60. f6 b2 61. Rc8 Rd2+ 62. Ke6 Rd8 63. Rxd8 1-0

[Event "NRW Class2 1718"]
[Site "Germany"]
[Date "2017.11.19"]
[Round "3.7"]
[White "Finke, Tobias"]
[Black "Kutzner, Stephen"]
[Result "0-1"]
[WhiteElo "1949"]
[BlackElo "2064"]
[PlyCount "86"]
[EventDate "2017.09.17"]
[EventType "team-tourn"]
[EventRounds "9"]
[EventCountry "GER"]
[SourceTitle "EXT 2019"]
[Source "ChessBase"]
[SourceDate "2018.10.10"]
[SourceVersion "1"]
[SourceVersionDate "2018.10.10"]
[SourceQuality "1"]
[WhiteTeam "Lippstadt Turm"]
[BlackTeam "Godesberg"]
[WhiteTeamCountry "GER"]
[BlackTeamCountry "GER"]

1. e4 c5 2. Nf3 Nc6 3. d4 cxd4 4. Nxd4 Nf6 5. Nc3 e5 6. Ndb5 d6 7. Be3 a6 8. Na3 b5 9. Nd5 Rb8 10. Nxf6+ Qxf6 11. Qd2 Be7 12. h4 0-0 13. Bg5 Qg6 14. Bd3 h6 15. Bxe7 Nxe7 16. 0-0-0 Bb7 17. f3 Qe6 18. Kb1 d5 19. c3 dxe4 20. Bxe4 Bxe4+ 21. fxe4 Qg4 22. Rde1 Rfd8 23. Qe2 Qxe2 24. Rxe2 Rd3 25. Kc2 Rbd8 26. Nb1 Rg3 27. Nd2 Ng6 28. Nf1 Rgd3 29. Rd2 R3d6 30. Rxd6 Rxd6 31. Ne3 Kf8 32. g3 Ne7 33. Rd1 Rxd1 34. Kxd1 Ke8 35. Nd5 Kd7 36. Nxe7 Kxe7 37. Ke2 Kd6 38. b3 Kc5 39. Ke3 h5 40. Kd3 a5 41. a3 g6 42. Ke3 a4 43. b4+ Kc4 0-1

[Event "GER-chT Betriebe 17th"]
[Site "Berlin"]
[Date "2017.11.05"]
[Round "7.2"]
[White "Rietze, Clemens"]
[Black "Kutzner, Stephen"]
[Result "1-0"]
[WhiteElo "2319"]
[BlackElo "2086"]
[PlyCount "91"]
[EventDate "2017.11.02"]
[EventType "team-swiss"]
[EventRounds "7"]
[EventCountry "GER"]
[SourceTitle "EXT 2020"]
[Source "ChessBase"]
[SourceDate "2019.10.17"]
[SourceVersion "1"]
[SourceVersionDate "2019.10.17"]
[SourceQuality "1"]
[WhiteTeam "Frankfurt AGI"]
[BlackTeam "Bonn Deutsche Post II"]
[WhiteTeamCountry "GER"]
[BlackTeamCountry "GER"]

1. d4 Nf6 2. c4 g6 3. Nc3 d5 4. cxd5 Nxd5 5. Bd2 Nb6 6. Bg5 Bg7 7. e3 c5 8. Bb5+ Bd7 9. Bxd7+ Qxd7 10. Nf3 cxd4 11. Nxd4 h6 12. Bh4 Bxd4 13. Qxd4 Qxd4 14. exd4 Nc6 15. 0-0-0 Rd8 16. d5 Nb4 17. d6 Rxd6 18. Rxd6 exd6 19. Re1+ Kd7 20. Re7+ Kc6 21. a3 N4d5 22. Nxd5 Nxd5 23. Rxf7 Re8 24. Kd2 Re4 25. Bg3 Rd4+ 26. Kc2 Re4 27. Kd3 Re6 28. Rf8 Ne7 29. f3 a6 30. Bf2 Nd5 31. g3 Nc7 32. f4 h5 33. f5 gxf5 34. Rh8 f4 35. gxf4 Nd5 36. Bg3 Re3+ 37. Kd2 Rb3 38. Kc1 Ne3 39. Rxh5 Nc4 40. f5 b5 41. Rh4 Ne3 42. Rf4 Rd3 43. Kb1 Kd7 44. f6 Rd1+ 45. Ka2 Rf1 46. f7 1-0

[Event "Mittelrhein Regionalliga 15/16"]
[Site "Nordrheinwestfalen"]
[Date "2016.03.13"]
[Round "8.5"]
[White "Kutzner, Stephen"]
[Black "Kewes, Gerd"]
[Result "1/2-1/2"]
[WhiteElo "1995"]
[BlackElo "2004"]
[PlyCount "108"]
[EventDate "2015.09.27"]
[EventType "team-tourn"]
[EventRounds "9"]
[EventCountry "GER"]
[SourceTitle "EXT 2022"]
[Source "ChessBase"]
[SourceDate "2021.10.06"]
[SourceVersion "1"]
[SourceVersionDate "2021.10.06"]
[SourceQuality "1"]
[WhiteTeam "Godesberg III"]
[BlackTeam "Koeln SF II"]
[WhiteTeamCountry "GER"]
[BlackTeamCountry "GER"]

1. e4 c5 2. Nf3 e6 3. d4 cxd4 4. Nxd4 a6 5. Bd3 b5 6. 0-0 Bb7 7. Nd2 Nc6 8. c3 Bc5 9. N2b3 Be7 10. Nxc6 dxc6 11. Be3 Nf6 12. Nc5 Qc7 13. Qe2 Nd7 14. Nxb7 Qxb7 15. Qg4 Kf8 16. Qh5 Nf6 17. Qe2 h5 18. h3 Qc7 19. f4 e5 20. fxe5 Qxe5 21. Rf5 Qe6 22. e5 Nd5 23. Rxh5 Rxh5 24. Qxh5 f6 25. Qh8+ Qg8 26. Qxg8+ Kxg8 27. exf6 Bxf6 28. Bf2 Rd8 29. Rd1 Nf4 30. Bc2 Rxd1+ 31. Bxd1 Nd3 32. Bd4 Nxb2 33. Bf3 c5 34. Bd5+ Kh8 35. Bxc5 Bxc3 36. Kf1 Nd3 37. Bb6 Nb4 38. Be6 Nd3 39. Bf7 Ne5 40. Be8 Nd3 41. Bd7 Nc1 42. Be6 Nd3 43. Bc8 Nb4 44. Ke2 Nxa2 45. Bxa6 Bf6 46. Ba5 Nc3+ 47. Kd3 Nd5 48. g3 Be5 49. Ke4 Bc7 50. Be1 Nf6+ 51. Kf3 Nh5 52. g4 Nf4 53. h4 Ne6 54. Bc3 Bb6 1/2-1/2

[Event "Staufer op-A 28th"]
[Site "Schwaebisch Gmuend"]
[Date "2016.01.05"]
[Round "7"]
[White "Kutzner, Stephen"]
[Black "Keller, Peter1"]
[Result "0-1"]
[WhiteElo "2086"]
[BlackElo "2284"]
[PlyCount "88"]
[EventDate "2016.01.02"]
[EventType "swiss"]
[EventRounds "9"]
[EventCountry "GER"]
[SourceTitle "CBM 170 Extra"]
[Source "ChessBase"]
[SourceDate "2016.02.25"]
[SourceVersion "1"]
[SourceVersionDate "2016.02.25"]
[SourceQuality "1"]

1. e4 e5 2. Nf3 Nc6 3. Bb5 a6 4. Ba4 Nf6 5. 0-0 b5 6. Bb3 Bc5 7. a4 Rb8 8. d3 d6 9. c3 h6 10. Be3 Bxe3 11. fxe3 0-0 12. Nbd2 Na5 13. Bc2 c5 14. Nb3 Nxb3 15. Bxb3 c4 16. dxc4 bxc4 17. Bxc4 Rxb2 18. Qd3 Qc7 19. Rab1 Rxb1 20. Rxb1 a5 21. Bb5 d5 22. exd5 e4 23. d6 Qb7 24. Qd1 exf3 25. gxf3 Qa7 26. Qd3 Rd8 27. Rd1 Bb7 28. Kf2 Qc5 29. Qd4 Qf5 30. Qb6 Qxf3+ 31. Ke1 Qh1+ 32. Bf1 Rd7 33. Qxa5 Qxh2 34. Qf5 Qg3+ 35. Qf2 Qxf2+ 36. Kxf2 Rxd6 37. Rb1 Ba6 38. Bg2 h5 39. c4 g5 40. Bf3 Re6 41. Rb4 g4 42. Bg2 h4 43. a5 h3 44. Bh1 Nh5 0-1